[Event "EYTCC Open U18 2018"]
[Site "Bad Blankeburg"]
[Date "2018.07.13"]
[Round "2"]
[White "Teclaf, Pawel"]
[Black "Pajeken, Jakob Leon"]
[Result "1-0"]
[WhiteElo "2399"]
[BlackElo "2273"]
[Annotator "NA"]
[PlyCount "99"]
[EventDate "2018.07.12"]
[EventType "swiss"]
[EventCountry "GER"]
[SourceTitle "playchess.com"]
[Source "ChessBase"]
[SourceQuality "1"]
[TimeControl "40/5400+30:1800+30"]

1. Nf3 {[%emt 0:00:00]} d5 {[%emt 0:00:00]} 2. b3 {[%emt 0:00:00]} Bg4 {[%emt 0:00:06]} 3. Bb2 {[%emt 0:01:10]} Nd7 {[%emt 0:00:37]} 4. g3 {[%emt 0:00:04]} Ngf6 {[%emt 0:01:09]} 5. Bg2 {[%emt 0:00:38]} e6 {[%emt 0:01:10]} 6. O-O {[%emt 0:01:03]} Bd6 {[%emt 0:01:29]} 7. c4 {[%emt 0:00:04]} O-O {[%emt 0:02:25]} 8. d4 {[%emt 0:00:53]} c6 {[%emt 0:04:20]} 9. Ne5 {[%emt 0:01:34]} Bf5 {[%emt 0:02:34]} 10. Nd2 {[%emt 0:01:40]} a5 {[%emt 0:05:06]} 11. a3 {[%emt 0:01:11]} h6 {[%emt 0:04:02]} 12. h3 {[%emt 0:12:57]} Qc7 {[%emt 0:08:27]} 13. f4 $11 {[%emt 0:06:03]} Be4 {[%emt 0:06:38]} 14. Nxe4 {[%emt 0:35:01]} Nxe4 {[%emt 0:01:16]} 15. Bxe4 {[%emt 0:01:17]} dxe4 {[%emt 0:00:35]} 16. Qc2 {[%emt 0:00:10]} f5 {[%emt 0:02:02]} 17. c5 {[%emt 0:02:09]} Bxe5 {[%emt 0:02:00]} 18. dxe5 {[%emt 0:00:01]} b6 {[%emt 0:00:57]} 19. Qc4 {[%emt 0:06:35]} Rfe8 {[%emt 0:02:22]} 20. Rad1 {[%emt 0:06:23]} Nxc5 {[%emt 0:04:53]} 21. Rd6 {[%emt 0:00:31]} Kh7 {[%emt 0:09:27]} 22. Bd4 {[%emt 0:01:03]} Qe7 {[%emt 0:03:39]} 23. Bxc5 {[%emt 0:03:10]} bxc5 {[%emt 0:00:06]} 24. Rfd1 {[%emt 0:00:06]} Ra7 {[%emt 0:03:43]} 25. Qxc5 {[%emt 0:00:53]} Rb8 {[%emt 0:00:42]} 26. Qc4 {[%emt 0:05:27]} Rab7 {[%emt 0:00:40]} 27. Rb1 {[%emt 0:00:36]} Rb5 {[%emt 0:01:05]} 28. Kg2 {[%emt 0:03:58]} c5 {[%emt 0:02:28]} 29. Rxe6 {[%emt 0:03:25]} Qb7 {[%emt 0:00:09]} 30. Rd6 {[%emt 0:02:05]} e3+ {[%emt 0:06:10]} 31. Qd5 {[%emt 0:00:01]} c4 {[%emt 0:00:08]} 32. Qxb7 {[%emt 0:00:02]} R8xb7 {[%emt 0:00:14]} 33. b4 {[%emt 0:00:04]} axb4 {[%emt 0:00:42]} 34. Rxb4 {[%emt 0:01:27]} Rxb4 {[%emt 0:02:03]} 35. axb4 {[%emt 0:00:02]} Rxb4 {[%emt 0:00:27]} 36. Rc6 {[%emt 0:00:39]} g5 {[%emt 0:00:36]} 37. Kf3 {[%emt 0:00:32]} Kg7 {[%emt 0:00:41]} 38. Rc7+ {[%emt 0:02:22]} Kg6 {[%emt 0:00:28]} 39. Rc6+ {[%emt 0:00:01]} Kg7 {[%emt 0:00:17]} 40. Kxe3 {[%emt 0:02:11]} Rb3+ {[%emt 0:00:08]} 41. Kf2 {[%emt 0:30:33]} gxf4 {[%emt 0:30:06]} 42. gxf4 {[%emt 0:00:02]} Rxh3 {[%emt 0:00:14]} 43. Rxc4 {[%emt 0:00:01]} Kf7 {[%emt 0:00:44]} 44. Rc6 {[%emt 0:00:27]} Ke7 {[%emt 0:03:42]} 45. Rf6 {[%emt 0:00:03]} Rh2+ {[%emt 0:00:20]} 46. Ke3 {[%emt 0:00:17]} Rh5 {[%emt 0:00:31]} 47. Kd4 {[%emt 0:00:08]} Rh2 {[%emt 0:00:09]} 48. Rxf5 {[%emt 0:00:10]} Rxe2 {[%emt 0:00:14]} 49. Rh5 {[%emt 0:00:03]} Rd2+ {[%emt 0:00:18]} 50. Ke4 {[%emt 0:00:02]} 1-0

[Event "EYTCC Open U18 2018"]
[Site "Bad Blankeburg"]
[Date "2018.07.13"]
[Round "2"]
[White "Gorshtein, Ido"]
[Black "Vogel, Roven"]
[Result "0-1"]
[WhiteElo "2382"]
[BlackElo "2467"]
[Annotator "RC"]
[PlyCount "56"]
[EventDate "2018.07.12"]
[EventType "swiss"]
[EventCountry "GER"]
[SourceTitle "playchess.com"]
[Source "ChessBase"]
[SourceQuality "1"]
[TimeControl "40/5400+30:1800+30"]

1. e4 {[%emt 0:00:00]} c6 {[%emt 0:00:00]} 2. Nf3 {[%emt 0:00:00]} d5 {[%emt 0:00:00]} 3. exd5 {[%emt 0:00:00]} cxd5 {[%emt 0:00:05]} 4. d4 {[%emt 0:00:00]} Nc6 {[%emt 0:00:47]} 5. Ne5 {[%emt 0:00:00]} Nf6 {[%emt 0:01:43]} 6. Bb5 {[%emt 0:00:01]} Bd7 {[%emt 0:00:25]} 7. Nxd7 {[%emt 0:00:03]} Qxd7 {[%emt 0:00:17]} 8. c3 {[%emt 0:00:35]} e6 {[%emt 0:00:43]} 9. O-O {[%emt 0:00:40]} Bd6 {[%emt 0:03:55]} 10. Nd2 {[%emt 0:08:41]} O-O {[%emt 0:01:20]} 11. Re1 {[%emt 0:25:23]} Qc7 {[%emt 0:01:21]} 12. Nf1 {[%emt 0:00:16]} a6 {[%emt 0:04:43]} 13. Bd3 {[%emt 0:00:58]} Bf4 {[%emt 0:04:04]} 14. Ng3 {[%emt 0:02:26]} Bxc1 {[%emt 0:03:26]} 15. Rxc1 {[%emt 0:00:03]} g6 {[%emt 0:00:11]} 16. Qf3 {[%emt 0:05:49]} Kg7 17. Ne2 Qb6 {[%emt 0:16:33]} 18. Rb1 {[%emt 0:06:51]} Rae8 {[%emt 0:03:49]} 19. Nf4 {[%emt 0:05:19]} e5 {[%emt 0:03:10]} 20. dxe5 {[%emt 0:05:05]} Rxe5 {[%emt 0:03:19]} 21. Rxe5 {[%emt 0:12:27]} Nxe5 {[%emt 0:02:15]} 22. Qg3 {[%emt 0:00:28]} Re8 {[%emt 0:00:53]} 23. Bc2 {[%emt 0:11:01]} Nc4 {[%emt 0:05:32]} 24. h3 {[%emt 0:03:51]} Nd2 {[%emt 0:02:27]} 25. Rd1 {[%emt 0:00:33]} Qxb2 {[%emt 0:00:10]} 26. Qd3 {[%emt 0:00:32]} Nde4 {[%emt 0:01:24]} 27. Rb1 {[%emt 0:00:42]} Qxa2 {[%emt 0:01:32]} 28. Rxb7 {[%emt 0:01:54]} Nc5 {[%emt 0:02:03]} 0-1

[Event "EYTCC Open U18 2018"]
[Site "Bad Blankeburg"]
[Date "2018.07.13"]
[Round "2"]
[White "Schmidek, Emil"]
[Black "Gavrilescu, David"]
[Result "0-1"]
[WhiteElo "2376"]
[BlackElo "2451"]
[Annotator "TA"]
[PlyCount "120"]
[EventDate "2018.07.12"]
[EventType "swiss"]
[EventCountry "GER"]
[SourceTitle "playchess.com"]
[Source "ChessBase"]
[SourceQuality "1"]

{[%evp 19,120,-20,-19,0,-8,-34,-31,-79,-79,-65,-55,-88,-88,-97,-72,-68,-78,-51,-48,-57,-58,-103,-64,-84,-8,-5,-5,-8,0,-11,-14,-12,-7,-7,-7,-6,-3,-6,-7,-5,0,-7,0,-7,0,-7,-3,-14,0,0,0,-4,0,-21,-8,-22,-10,-46,-40,-146,-45,-114,-99,-84,-37,-72,-61,-218,-79,-79,-79,-71,-79,-79,-79,-80,-86,-201,-195,-244,-236,-272,-266,-259,-246,-236,-232,-797,-783,-29967,-29973,-29973,-29974,-29974,-29975,-29975,-29965,-29965,-29966,-6436,-5297,-29968,-29970]} 1. e4 e6 2. d4 d5 3. Nc3 Nf6 4. Bg5 dxe4 5. Nxe4 Be7 6. Bxf6 Bxf6 7. Nf3 O-O 8. Bd3 Nd7 9. Qe2 b6 {C13: French: Classical System: 4 Bg5 Be7, Alekhine-Chatard Attack} (9... c5 10. O-O-O cxd4 11. h4 Be7 12. Neg5 Nf6 13. Ne5 Qc7 14. g4 Bd6 15. f4 b6 16. Rhf1 Bb7 17. Bc4 Bd5 18. Rxd4 Rac8 19. Bxd5 exd5 {½-½ (35) Sutovsky,E (2660)-Ivanchuk,V (2711) Moscow 2002 CBM 090 [Finkel,A]}) 10. Neg5 g6 $1 {LiveBook: 5 Games} (10... Bxg5 11. Qe4 $16) 11. h4 Bb7 {The position is equal.} 12. Ne4 $146 ({Predecessor:} 12. O-O-O Qe7 13. Qd2 Bxf3 14. Nxf3 c5 15. h5 cxd4 16. hxg6 fxg6 17. Kb1 {1-0 (32) Lubbe,N (2422)-Zill,C (2278) Bonn 2011}) 12... c5 13. h5 cxd4 ({Much worse is} 13... Bxd4 $6 14. hxg6 fxg6 15. c3 $11 (15. Nxd4 cxd4 16. O-O-O Ne5 $15)) 14. hxg6 hxg6 ({Much weaker is} 14... fxg6 $6 15. Neg5 $1 $14 {[%mdl 512]}) 15. Qd2 Bg7 16. Qf4 Nf6 17. O-O-O Bxe4 18. Bxe4 Nxe4 19. Qxe4 {[%cal Rf3d4]} Rc8 20. Rh3 {[%cal Rf3d4]} Rc5 (20... Qc7 {looks sharper.} 21. Kb1 Rfd8 22. Ne1 e5 23. g4 Qc6) 21. Nxd4 Qd5 ({Better is} 21... Qf6 $17 22. f4 Rd8) 22. Qxd5 $1 $11 Rxd5 23. c3 Rc8 {Strongly threatening ...Bxd4.} 24. Rhd3 Kf8 25. Kd2 Ke7 26. Ke2 b5 27. Nb3 Rxd3 28. Rxd3 {[%mdl 4096] Endgame KRB-KRN} Be5 29. a3 Rc4 30. Na5 Rc7 31. Nb3 a6 32. Ke3 g5 33. f3 f5 34. Kf2 Kf6 35. g3 Ke7 36. Nd4 Rc4 37. Nb3 Bc7 38. Nd2 Rc6 39. Kg2 (39. Nf1 $15) 39... a5 ({Black should try} 39... Rd6 $1 $17 {[%cal Rd6d3]} 40. Rxd6 Kxd6) 40. Kf2 (40. Nb3 $1 $15) 40... a4 $17 41. Nf1 Rc5 42. Ne3 Bb6 43. f4 $2 {[#]} (43. Kf1 $1 $15) 43... gxf4 (43... Rc4 $1 $19 {and Black stays clearly on top.} 44. Kf3 g4+ 45. Kf2 Re4) 44. gxf4 Rc8 45. Kf3 Rh8 {Hoping for ...Rh3+.} 46. Kg3 Rg8+ 47. Kf3 {[#]} Rg1 $1 48. c4 (48. Rd2 $17) 48... Rb1 $19 49. Rd2 Rh1 50. Nd1 bxc4 51. Kg3 Re1 52. Kf3 Re4 53. Kg3 $2 (53. Re2 Rd4 54. Nc3) 53... Rd4 54. Rxd4 Bxd4 {KB-KN} 55. Kf3 Kd6 56. Kg3 e5 57. Kf3 Ke6 58. Kg3 Kf6 59. Kf3 e4+ 60. Kg2 {[#]} Bxb2 $1 {[%mdl 512] Precision: White = 33%, Black = 62%.} 0-1

[Event "EYTCC Open U18 2018"]
[Site "Bad Blankeburg"]
[Date "2018.07.13"]
[Round "2"]
[White "Parkhov, Yair"]
[Black "Martin, Julian"]
[Result "1-0"]
[WhiteElo "2364"]
[BlackElo "2415"]
[Annotator "NA RC"]
[PlyCount "47"]
[EventDate "2018.07.12"]
[EventType "swiss"]
[EventCountry "GER"]
[SourceTitle "playchess.com"]
[Source "ChessBase"]
[SourceQuality "1"]
[TimeControl "40/5400+30:1800+30"]

1. Nf3 {[%emt 0:00:00]} d5 {[%emt 0:00:10]} 2. d4 {[%emt 0:00:00]} Nf6 {[%emt 0:00:39]} 3. Bf4 {[%emt 0:00:13]} Nbd7 {[%emt 0:01:29]} 4. c4 {[%emt 0:14:37]} c6 {[%emt 0:11:13]} 5. cxd5 {[%emt 0:04:37]} Nxd5 {[%emt 0:00:38]} 6. Bd2 {[%emt 0:04:42]} N7f6 {[%emt 0:17:59]} (6... e5 $5) 7. Qc2 {[%emt 0:00:51]} a5 {[%emt 0:06:26]} 8. Nc3 $14 {[%emt 0:10:00]} Bg4 {[%emt 0:05:21]} 9. e4 {[%emt 0:14:09]} Nb4 {[%emt 0:02:51]} 10. Qb3 {[%emt 0:02:17]} Be6 {[%emt 0:26:29]} 11. Qd1 {[%emt 0:05:31]} g6 {[%emt 0:02:07]} 12. a3 {[%emt 0:06:01]} Na6 {[%emt 0:00:35]} 13. h3 {[%emt 0:05:20]} Bg7 {[%emt 0:04:33]} 14. Be3 {[%emt 0:00:33]} O-O {[%emt 0:00:44]} 15. Qd2 {[%emt 0:01:39]} b5 {[%emt 0:02:21]} 16. Bd3 {[%emt 0:01:44]} b4 {[%emt 0:02:31]} 17. Ne2 {[%emt 0:07:01]} Nd7 {[%emt 0:07:03]} 18. Rc1 {[%emt 0:02:47]} Ndb8 {[%emt 0:02:02]} 19. Bh6 {[%emt 0:01:03]} Qb6 {[%emt 0:01:31]} 20. h4 {[%emt 0:02:23]} c5 {[%emt 0:01:25]} 21. h5 {[%emt 0:01:21]} Bg4 {[%emt 0:00:42]} 22. Bxg7 {[%emt 0:00:13]} Kxg7 {[%emt 0:00:15]} 23. hxg6 {[%emt 0:00:17]} Qxg6 {[%emt 0:00:02]} 24. Ne5 {[%emt 0:00:09]} 1-0

[Event "EYTCC Open U18 2018"]
[Site "Bad Blankeburg"]
[Date "2018.07.13"]
[Round "2"]
[White "Morgunov, Daniel"]
[Black "Borhy, Marcell"]
[Result "1/2-1/2"]
[WhiteElo "2346"]
[BlackElo "2234"]
[Annotator "NA"]
[PlyCount "67"]
[EventDate "2018.07.12"]
[EventType "swiss"]
[EventCountry "GER"]
[SourceTitle "playchess.com"]
[Source "ChessBase"]
[SourceQuality "1"]
[TimeControl "40/5400+30:1800+30"]

1. e4 {[%emt 0:00:00]} c5 {[%emt 0:00:00]} 2. Nf3 {[%emt 0:00:00]} d6 {[%emt 0:00:11]} 3. Bb5+ {[%emt 0:00:00]} Bd7 {[%emt 0:00:13]} 4. c4 {[%emt 0:00:01]} Nf6 {[%emt 0:01:04]} 5. Nc3 {[%emt 0:00:05]} g6 {[%emt 0:05:02]} 6. d4 {[%emt 0:00:28]} cxd4 {[%emt 0:01:54]} 7. Nxd4 {[%emt 0:00:10]} Bg7 {[%emt 0:03:07]} 8. O-O {[%emt 0:00:32]} O-O {[%emt 0:03:12]} 9. h3 {[%emt 0:04:52]} Nc6 {[%emt 0:06:15]} 10. Bxc6 {[%emt 0:02:02]} Bxc6 {[%emt 0:01:34]} 11. Qd3 {[%emt 0:05:48]} Nd7 {[%emt 0:09:30]} 12. Be3 {[%emt 0:01:54]} Rc8 {[%emt 0:03:57]} 13. Rac1 {[%emt 0:04:07]} b6 {[%emt 0:10:26]} 14. b3 $14 {[%emt 0:09:23]} Nc5 {[%emt 0:03:11]} 15. Qb1 {[%emt 0:00:39]} Qd7 {[%emt 0:00:26]} 16. Rfd1 {[%emt 0:01:55]} Qb7 {[%emt 0:01:30]} 17. f3 {[%emt 0:05:33]} Bd7 {[%emt 0:07:46]} 18. Nd5 {[%emt 0:03:35]} Rfe8 {[%emt 0:00:24]} 19. b4 {[%emt 0:18:29]} Ne6 {[%emt 0:02:12]} 20. Nxe6 {[%emt 0:08:45]} Bxe6 {[%emt 0:00:48]} 21. Qb3 {[%emt 0:00:30]} Bxd5 {[%emt 0:07:34]} 22. Rxd5 {[%emt 0:03:36]} Rc6 {[%emt 0:04:40]} 23. a4 {[%emt 0:05:30]} Rec8 {[%emt 0:01:57]} 24. b5 {[%emt 0:07:24]} R6c7 {[%emt 0:00:14]} 25. a5 {[%emt 0:01:56]} Qb8 {[%emt 0:08:00]} 26. Qd3 {[%emt 0:03:11]} h5 {[%emt 0:07:34]} 27. Qe2 {[%emt 0:07:43]} bxa5 {[%emt 0:03:29]} 28. Qa2 {[%emt 0:00:28]} Qb7 {[%emt 0:04:43]} 29. Qxa5 {[%emt 0:01:14]} Rxc4 {[%emt 0:02:16]} 30. Rxc4 {[%emt 0:00:06]} Rxc4 {[%emt 0:00:05]} 31. Qxa7 {[%emt 0:02:40]} Qxa7 {[%emt 0:00:18]} 32. Bxa7 {[%emt 0:00:05]} Rc1+ {[%emt 0:00:03]} 33. Kf2 {[%emt 0:00:31]} Rb1 {[%emt 0:00:01]} 34. Be3 {[%emt 0:01:06]} 1/2-1/2

[Event "EYTCC Open U18 2018"]
[Site "Bad Blankeburg"]
[Date "2018.07.13"]
[Round "2"]
[White "Banzea, Alexandru Bogdan"]
[Black "Buckels, Valentin"]
[Result "1/2-1/2"]
[WhiteElo "2337"]
[BlackElo "2353"]
[Annotator "NA"]
[PlyCount "120"]
[EventDate "2018.07.12"]
[EventType "swiss"]
[EventCountry "GER"]
[SourceTitle "playchess.com"]
[Source "ChessBase"]
[SourceQuality "1"]
[TimeControl "40/5400+30:1800+30"]

1. e4 {[%emt 0:00:51]} e5 {[%emt 0:00:00]} 2. Nf3 {[%emt 0:00:17]} Nc6 {[%emt 0:00:00]} 3. Bb5 {[%emt 0:00:09]} a6 {[%emt 0:00:00]} 4. Ba4 {[%emt 0:00:05]} Nf6 {[%emt 0:00:00]} 5. O-O {[%emt 0:00:11]} Be7 {[%emt 0:00:00]} 6. d3 {[%emt 0:00:09]} b5 {[%emt 0:00:07]} 7. Bb3 {[%emt 0:00:07]} d6 {[%emt 0:00:04]} 8. a3 {[%emt 0:00:16]} O-O {[%emt 0:00:13]} 9. Nc3 {[%emt 0:00:13]} Bg4 {[%emt 0:00:34]} 10. Be3 {[%emt 0:00:19]} Nd4 {[%emt 0:00:13] C84: Closed Ruy Lopez: Unusual White 6th moves} 11. Bxd4 {[%emt 0:00:37]} exd4 {[%emt 0:00:08]} 12. Nd5 {[%emt 0:00:05]} Nd7 {[%emt 0:00:15]} (12... Nxd5 13. Bxd5 Rc8 14. a4 c6 15. Bb3 d5 16. h3 Bh5 17. axb5 axb5 18. exd5 {1-0 (47) Karjakin,S (2782)-Aronian,L (2764) Paris 2018}) 13. h3 {[%emt 0:01:02]} Bxf3 {[%emt 0:00:06]} 14. Nxe7+ {[%emt 0:03:21]} Qxe7 {[%emt 0:00:25]} 15. Qxf3 {[%emt 0:00:10]} Rac8 {[%emt 0:10:40] [#]} 16. Qg3 $146 {[%emt 0:09:19]} ({Predecessor:} 16. Qe2 Nc5 17. Ba2 Nd7 18. Bb3 Nc5 19. Ba2 Na4 20. Rab1 {½-½ (20) Yemelin,V (2558)-Danin,A (2602) Tallinn 2014}) 16... Nc5 {[%emt 0:01:08]} 17. Ba2 {[%emt 0:00:58]} Na4 {[%emt 0:00:20]} 18. Rab1 {[%emt 0:00:18]} c5 {[%emt 0:02:16]} 19. f4 {[%emt 0:01:15]} Nb6 {[%emt 0:05:42]} 20. Qe1 {[%emt 0:03:13]} Rfe8 {[%emt 0:12:24]} 21. Qa5 {[%emt 0:03:28]} Qb7 $11 {[%emt 0:05:28]} 22. Rbe1 {[%emt 0:04:02]} Re7 {[%emt 0:05:46]} 23. g4 {[%emt 0:04:50]} c4 {[%emt 0:05:54]} 24. Qd2 {[%emt 0:02:10]} Rce8 {[%emt 0:06:20]} 25. Qf2 {[%emt 0:01:24]} d5 {[%emt 0:09:07]} 26. e5 {[%emt 0:01:13]} Nd7 {[%emt 0:02:04]} 27. Qxd4 {[%emt 0:02:02]} f6 {[%emt 0:03:10]} 28. dxc4 {[%emt 0:23:40]} dxc4 {[%emt 0:00:28]} 29. b3 {[%emt 0:04:56]} fxe5 {[%emt 0:02:02]} 30. Qf2 {[%emt 0:01:57]} e4 {[%emt 0:12:49]} 31. bxc4 {[%emt 0:01:50]} e3 {[%emt 0:00:15]} 32. Qf3 {[%emt 0:03:28]} Qa7 {[%emt 0:01:39]} 33. Re2 {[%emt 0:00:52]} Kh8 {[%emt 0:00:33]} 34. cxb5 {[%emt 0:15:28]} axb5 {[%emt 0:00:42]} 35. Bd5 {[%emt 0:00:26]} Rf8 {[%emt 0:04:22]} 36. Rd1 {[%emt 0:06:44]} Qxa3 {[%emt 0:05:35]} 37. Kg2 {[%emt 0:00:26]} Qc5 {[%emt 0:01:24]} 38. Bb3 {[%emt 0:02:10]} Nb6 {[%emt 0:01:11]} 39. Rd3 {[%emt 0:01:36]} Rfe8 {[%emt 0:00:22]} 40. f5 {[%emt 0:01:00]} Nc4 {[%emt 0:05:07]} 41. Qd5 {[%emt 0:04:28]} Qb6 {[%emt 0:15:21]} 42. Bxc4 {[%emt 0:01:45]} bxc4 {[%emt 0:00:12]} 43. Qxc4 {[%emt 0:00:34]} Re4 {[%emt 0:01:36]} 44. Qd5 {[%emt 0:04:28]} Qb8 {[%emt 0:04:34]} 45. Qd6 {[%emt 0:03:40]} Qa8 {[%emt 0:01:09]} 46. Kh2 {[%emt 0:03:42]} R4e5 {[%emt 0:06:10]} 47. Kg3 {[%emt 0:03:51]} Qa1 {[%emt 0:01:11]} 48. Rd1 {[%emt 0:01:03]} Qa8 {[%emt 0:01:44]} 49. c4 {[%emt 0:03:02]} Qc8 {[%emt 0:01:19]} 50. Rd5 {[%emt 0:02:16]} Rxd5 {[%emt 0:01:18]} 51. Qxd5 {[%emt 0:02:55]} Qb8+ {[%emt 0:00:18]} 52. Kg2 {[%emt 0:00:38]} Qf4 {[%emt 0:00:48]} 53. c5 {[%emt 0:00:16]} h5 {[%emt 0:00:32]} 54. f6 {[%emt 0:02:27]} Re5 {[%emt 0:00:15]} 55. fxg7+ {[%emt 0:03:24]} Kxg7 {[%emt 0:00:01]} 56. Qf3 {[%emt 0:01:08]} Qxf3+ {[%emt 0:00:29]} 57. Kxf3 {[%emt 0:00:09]} hxg4+ {[%emt 0:00:07]} 58. hxg4 {[%emt 0:00:11]} Rxc5 {[%emt 0:00:05]} 59. Rxe3 {[%emt 0:00:06]} Kg6 {[%emt 0:00:12]} 60. Kg3 {[%emt 0:00:25]} Kg5 {[%emt 0:00:11]} 1/2-1/2

[Event "EYTCC Open U18 2018"]
[Site "Bad Blankeburg"]
[Date "2018.07.13"]
[Round "2"]
[White "Urban, Konstantin"]
[Black "Stoleriu, George"]
[Result "1/2-1/2"]
[WhiteElo "2325"]
[BlackElo "2347"]
[Annotator "NA"]
[PlyCount "111"]
[EventDate "2018.07.12"]
[EventType "swiss"]
[EventCountry "GER"]
[SourceTitle "playchess.com"]
[Source "ChessBase"]
[SourceQuality "1"]
[TimeControl "40/5400+30:1800+30"]

1. d4 {[%emt 0:00:00]} e6 {[%emt 0:00:00]} 2. c4 {[%emt 0:00:00]} Bb4+ {[%emt 0:04:02]} 3. Nc3 {[%emt 0:01:27]} f5 {[%emt 0:02:24]} 4. Bd2 {[%emt 0:06:53]} Nf6 {[%emt 0:00:30]} 5. Nf3 {[%emt 0:00:28]} O-O {[%emt 0:00:52]} 6. g3 {[%emt 0:01:54]} b6 {[%emt 0:01:05]} 7. Bg2 {[%emt 0:00:44]} Bb7 {[%emt 0:00:04]} 8. O-O {[%emt 0:05:12]} Bxc3 {[%emt 0:02:15]} 9. Bxc3 {[%emt 0:00:25]} Ne4 {[%emt 0:00:47]} 10. Qc2 {[%emt 0:06:49]} Nxc3 {[%emt 0:02:26]} 11. Qxc3 {[%emt 0:01:31]} Qf6 {[%emt 0:07:31]} 12. c5 $11 {[%emt 0:12:03]} Be4 {[%emt 0:23:54]} 13. cxb6 {[%emt 0:12:45]} cxb6 {[%emt 0:01:57]} 14. Ne5 {[%emt 0:04:47]} Bxg2 {[%emt 0:14:59]} 15. Kxg2 {[%emt 0:00:16]} Qd8 {[%emt 0:08:19]} 16. Rac1 {[%emt 0:16:26]} d6 {[%emt 0:05:46]} 17. Nd3 {[%emt 0:00:25]} Nd7 {[%emt 0:06:12]} 18. Qb4 {[%emt 0:01:51]} Nf6 {[%emt 0:02:19]} 19. Rc6 {[%emt 0:00:47]} Ne4 {[%emt 0:06:37]} 20. f3 {[%emt 0:06:31]} Qd7 {[%emt 0:00:07]} 21. Rfc1 {[%emt 0:02:47]} Nc5 {[%emt 0:00:10]} 22. Qb5 {[%emt 0:00:35]} Nxd3 {[%emt 0:07:04]} 23. Qxd3 {[%emt 0:00:11]} Rac8 {[%emt 0:00:11]} 24. Qc3 {[%emt 0:00:32]} Rxc6 {[%emt 0:00:27]} 25. Qxc6 {[%emt 0:00:01]} Rd8 {[%emt 0:00:15]} 26. Qxd7 {[%emt 0:01:26]} Rxd7 {[%emt 0:00:03]} 27. Kf2 {[%emt 0:01:15]} Kf7 {[%emt 0:00:05]} 28. b4 {[%emt 0:02:12]} b5 {[%emt 0:00:56]} 29. e4 {[%emt 0:01:27]} fxe4 {[%emt 0:01:20]} 30. fxe4 {[%emt 0:00:05]} Ke7 {[%emt 0:00:43]} 31. Ke3 {[%emt 0:00:37]} Rd8 {[%emt 0:01:34]} 32. Rc7+ {[%emt 0:00:11]} Rd7 {[%emt 0:00:03]} 33. Rc6 {[%emt 0:00:43]} Rd8 {[%emt 0:00:48]} 34. h4 {[%emt 0:01:20]} Rd7 {[%emt 0:00:33]} 35. h5 {[%emt 0:01:24]} Rd8 {[%emt 0:00:35]} 36. Kf4 {[%emt 0:00:53]} h6 {[%emt 0:00:23]} 37. Kg4 {[%emt 0:01:11]} Rd7 {[%emt 0:00:23]} 38. Kf4 {[%emt 0:01:59]} Rd8 {[%emt 0:00:13]} 39. d5 {[%emt 0:00:19]} Rf8+ {[%emt 0:00:57]} 40. Kg4 {[%emt 0:00:17]} Rd8 {[%emt 0:00:29]} 41. Rc7+ {[%emt 0:32:17]} Rd7 {[%emt 0:00:49]} 42. Rc8 {[%emt 0:00:00]} a5 {[%emt 0:13:53]} 43. bxa5 {[%emt 0:00:00]} Ra7 {[%emt 0:00:36]} 44. Rb8 {[%emt 0:00:00]} Rxa5 {[%emt 0:05:27]} 45. Rb7+ {[%emt 0:00:00]} Kf6 {[%emt 0:00:06]} 46. dxe6 {[%emt 0:00:00]} Rxa2 {[%emt 0:00:47]} 47. e7 {[%emt 0:00:00]} Ra8 {[%emt 0:01:22]} 48. Rd7 {[%emt 0:00:00]} Re8 {[%emt 0:00:06]} 49. Rxd6+ {[%emt 0:00:00]} Ke5 {[%emt 0:00:10]} 50. Rd7 {[%emt 0:00:00]} Kxe4 {[%emt 0:00:37]} 51. Rb7 {[%emt 0:00:00]} Ke5 {[%emt 0:00:59]} 52. Rxb5+ {[%emt 0:00:00]} Kf6 {[%emt 0:00:37]} 53. Rb6+ {[%emt 0:00:00]} Kxe7 {[%emt 0:00:25]} 54. Kf5 {[%emt 0:00:00]} Kf7 {[%emt 0:00:07]} 55. Rb7+ {[%emt 0:00:00]} Re7 {[%emt 0:00:04]} 56. Rb6 1/2-1/2

[Event "EYTCC Open U18 2018"]
[Site "Bad Blankeburg"]
[Date "2018.07.13"]
[Round "2"]
[White "Vasiesiu, Victor"]
[Black "Roseneck, Jonas"]
[Result "1-0"]
[WhiteElo "2295"]
[BlackElo "2182"]
[Annotator "NA"]
[PlyCount "45"]
[EventDate "2018.07.12"]
[EventType "swiss"]
[EventCountry "GER"]
[SourceTitle "playchess.com"]
[Source "ChessBase"]
[SourceQuality "1"]
[TimeControl "40/5400+30:1800+30"]

1. e4 {[%emt 0:01:06]} c5 {[%emt 0:00:00]} 2. Nc3 {[%emt 0:00:26]} d6 {[%emt 0:00:00]} 3. d4 {[%emt 0:00:06]} cxd4 {[%emt 0:01:22]} 4. Qxd4 {[%emt 0:00:09]} Nc6 {[%emt 0:05:47]} 5. Qd2 {[%emt 0:00:12]} g6 {[%emt 0:02:18]} 6. b3 {[%emt 0:00:20]} Bg7 {[%emt 0:00:03]} 7. Bb2 {[%emt 0:00:07]} Nf6 {[%emt 0:01:59]} 8. O-O-O {[%emt 0:00:47]} O-O {[%emt 0:02:09]} 9. f3 {[%emt 0:02:49]} Be6 {[%emt 0:18:47]} 10. Kb1 {[%emt 0:03:30]} a6 {[%emt 0:13:27]} 11. Nge2 {[%emt 0:02:01]} Qa5 {[%emt 0:01:56]} 12. g4 $16 {[%emt 0:15:25]} Rfc8 {[%emt 0:10:18]} 13. h4 {[%emt 0:04:52]} h5 {[%emt 0:05:53]} 14. gxh5 {[%emt 0:19:05]} Nxh5 {[%emt 0:00:26]} 15. f4 {[%emt 0:00:25]} Bg4 {[%emt 0:06:53]} 16. Rg1 {[%emt 0:08:25]} Bxe2 {[%emt 0:06:34]} 17. Bxe2 {[%emt 0:00:03]} Nxf4 {[%emt 0:00:08]} 18. Qxf4 {[%emt 0:00:58]} Bxc3 {[%emt 0:00:09]} 19. Bc4 {[%emt 0:06:50]} Ne5 {[%emt 0:06:18]} 20. Bxf7+ {[%emt 0:11:05]} Nxf7 {[%emt 0:02:31]} 21. Rxg6+ {[%emt 0:00:14]} Kf8 {[%emt 0:00:10]} 22. Rf1 {[%emt 0:00:43]} Ke8 {[%emt 0:02:16]} 23. Qxf7+ 1-0